Stranger Things: Ultimate Character Quiz - Statistics

General Stats
  • This quiz has been taken 328 times
  • The average score is 32 of 56
Answer Stats
Actor Alive? Season(s) Character % Correct
Gaten Matarazzo Y 1-4 Dustin Henderson
100%
Millie Bobby Brown Y 1-4 Eleven / Jane
100%
Noah Schnapp Y 1-4 Will Byers
100%
David Harbour Y 1-4 Jim Hopper
99%
Finn Wolfhard Y 1-4 Mike Wheeler
99%
Winona Ryder Y 1-4 Joyce Byers
98%
Caleb McLaughlin Y 1-4 Lucas Sinclair
98%
Sadie Sink Y 2-4 Max Mayfield
98%
Natalie Dyer Y 1-4 Nancy Wheeler
98%
Joe Keery Y 1-4 Steve Harrington
98%
Charlie Heaton Y 1-4 Jonathan Byers
95%
Dacre Montgomery N 2-4 Billy Hargrove
94%
Maya Hawke Y 3-4 Robin Buckley
94%
Cara Buono Y 1-4 Karen Wheeler
91%
Priah Ferguson Y 2-4 Erica Sinclair
90%
Shannon Purser N 1 Barbara Holland
86%
Sean Astin N 2 Bob Newby
84%
Matthew Modine N 1-2, 4 Martin Brenner
83%
Joe Chrest Y 1-4 Ted Wheeler
80%
Joseph Quinn N 4 Eddie Munson
76%
Paul Reiser Y 2-4 Sam Owens
71%
Jamie Campbell Bower Y 4 Vecna / 001 / Henry Creel
71%
Anniston & Tisley Price Y 1-4 Holly Wheeler
68%
Grace Van Dien N 4 Chrissy Cunningham
66%
Gabriella Pizzolo Y 3-4 Suzie Bingham
64%
Alec Utgoff N 3 Alexei
60%
Eduardo Franco Y 4 Argyle
55%
Brett Gelman Y 2-4 Murray Bauman
54%
Mason Dye N 4 Jason Carver
51%
Linnea Berthelson Y 2 Kali Prasad
47%
Michael Park N 3 Tom Holloway
43%
Nikola Đuričko Y 4 Yuri Ismaylov
38%
Robert Englund Y 4 Victor Creel
37%
Elodie Grace Orkin Y 4 Angela
36%
Logan Riley Bruner N 4 Fred Benson
36%
Francesca Reale N 3 Heather Holloway
36%
Amybeth McNulty Y 4 Vickie
35%
Catherine Curton Y 1-4 Claudia Henderson
33%
John Paul Reynolds Y 1-4 Phil Callahan
33%
Myles Truitt N 4 Patrick McKinney
32%
Randy Havens Y 1-3 Scott Clarke
32%
Catherine Dyer N 1 Connie Frazier
31%
Chris Sullivan N 1 Benny Hammond
30%
Rob Morgan Y 1-4 Calvin Powell
30%
Andrey Ivchenko N 3 Grigori
30%
Ross Partridge Y 1 Lonnie Byers
29%
Aimee Mullins Y 1-2 Terry Ives
28%
Chelsea Talmadge Y 1-2 Carol Perkins
25%
Cary Elwes Y 3 Larry Kline
25%
Chester Rushing Y 1-2 Tommy Hagan
25%
Jake Busey N 3 Bruce Lowe
24%
Peggy Miley N 3 Doris Driscoll
22%
Amy Seimetz Y 1-2 Becky Ives
21%
Matthew Cardarople Y 2-3 Keith
17%
Tom Wlaschiha Y 4 Dimitri
16%
Joel Stoffer Y 4 Wayne Munson
14%
No matching quizzes found
Score Distribution
Percent of People with Each Score
Percentile by Number Answered
Your Score History
You have not taken this quiz